000 00309nam a22001337a 4500
008 171020b xxu||||| |||| 00| 0 eng d
020 _a9780787954048
041 _aeng
080 _a338
100 _a54
101 _aMIS
245 _aCHANGING THE U.S. HEALTH CARE SYSTEM
_cANDERSEN, R.M
942 _2udc
_cBK
999 _c35114
_d35114